000 00704cam a22002411 4500
001 med47002334
003 DLC
005 20260227111605.0
008 820128s1942 xx 000 0 ger
010 _amed47002334
035 _a(OCoLC)14723724
040 _aDLC
_cDNLM
_dDLC
042 _apremarc
050 0 0 _aRX66.H2
_bS35
060 0 0 _aWZ 100
_bH148S 1942
060 0 0 _aFilm 7126 no. 4
100 1 _aSchumann, Otto,
_d1895-
245 1 4 _aDer Wanderer ins Ungewisse;
_bLebensgeschichte des Dr. Ch. F. S. Hahnemann, des Begründers der Homöopathie, 1755-1843.
260 _aBerlin,
_bKlieber
_c[c1942]
300 _a344 p.
500 _a2d ed.
500 _aMicrofilmed for preservation
_5DNLM
999 _c38572
_d38572